| 000 | 00729nam a2200193 a 4500 | ||
|---|---|---|---|
| 001 | 000368919 | ||
| 003 | AM-YeHGA | ||
| 005 | 20250617131839.0 | ||
| 008 | 041012s1984 ||| r 000 0 rus d | ||
| 040 | _aAM-YeHGA | ||
| 041 | 0 | _arus | |
| 100 | 1 | _aКольцов, Алексей Васильевич. | |
| 245 | 1 | 0 |
_aКосарь : _bСтихотворения и письма / _cА. Кольцов; Вступ. ст. и сост. Б. Примерова; Худож. Т. Иваницкая. |
| 260 |
_aМосква : _bСовременник, _c1984. |
||
| 300 |
_a333 с. _bцв. ил. |
||
| 653 | 0 | _aРусская советская поэзия | |
| 700 | 1 |
_aИваницкая, Т. _eхудож. _4art |
|
| 090 | _c142422 | ||
| 999 |
_c141042 _d141042 |
||